logo image

ਗੁੱਡੋ (ਨਾਵਲ) (Record no. 44312)

MARC details
000 -LEADER
fixed length control field 00447nam a22001817a 4500
003 - CONTROL NUMBER IDENTIFIER
control field OSt
005 - DATE AND TIME OF LATEST TRANSACTION
control field 20260320112625.0
008 - FIXED-LENGTH DATA ELEMENTS--GENERAL INFORMATION
fixed length control field 260319b |||||||| |||| 00| 0 Pnj
020 ## - INTERNATIONAL STANDARD BOOK NUMBER
International Standard Book Number 978811983158
040 ## - CATALOGING SOURCE
Original cataloging agency BGL
Transcribing agency BGL
082 ## - DEWEY DECIMAL CLASSIFICATION NUMBER
Classification number 891.421 RAM:G
100 ## - MAIN ENTRY--PERSONAL NAME
Personal name ਕੇਸਰਾ ਰਾਮ
245 ## - TITLE STATEMENT
Title ਗੁੱਡੋ (ਨਾਵਲ)
260 ## - PUBLICATION, DISTRIBUTION, ETC.
Place of publication, distribution, etc. New Delhi
Name of publisher, distributor, etc. Navyug Publication
Date of publication, distribution, etc. 2024
300 ## - PHYSICAL DESCRIPTION
Extent 250p
650 ## - SUBJECT ADDED ENTRY--TOPICAL TERM
Topical term or geographic name entry element Punjabi
942 ## - ADDED ENTRY ELEMENTS (KOHA)
Source of classification or shelving scheme Dewey Decimal Classification
Koha item type GB
Holdings
Withdrawn status Lost status Source of classification or shelving scheme Damaged status Not for loan Home library Current library Date acquired Source of acquisition Cost, normal purchase price Discount Net Cost Total Checkouts Full call number Barcode Date last seen Cost, replacement price Price effective from Koha item type
    Dewey Decimal Classification     BGL BGL 18.03.2026 Global Book Distributors 250.00 20% 200.00   891.423 RAM:G 69586 19.03.2026 250.00 19.03.2026 GB

Powered by Koha